[Event "Vaujany 2023 Principal"]
[Site "Vaujany"]
[Date "2023.07.15"]
[Round "3.12"]
[White "Olivier, Jean-Christophe"]
[Black "Sloan, Jed"]
[Result "1/2-1/2"]
[WhiteElo "2304"]
[BlackElo "2028"]
[PlyCount "115"]
[EventDate "2023.07.13"]
[EventType "swiss"]
[EventRounds "9"]
[EventCountry "FRA"]
[SourceVersionDate "2023.07.13"]

{[%evp 0,115,24,19,47,60,65,21,25,47,47,28,60,77,88,63,75,52,54,32,32,41,62,40,40,43,43,43,31,17,28,28,22,-6,0,28,32,18,14,-8,-5,-3,17,-14,-7,8,-15,27,30,4,31,6,28,-29,53,28,39,18,60,7,10,-10,-15,-34,0,0,0,0,14,18,17,18,17,0,17,11,17,11,18,9,-4,-11,-14,0,0,0,0,0,0,0,0,0,0,0,0,6,0,-20,-19,-11,-13,-11,-7,0,0,0,0,0,0,0,0,0,0,0,0,0,0,0]} 1. e4 c5 2. Nf3 e6 3. d4 cxd4 4. Nxd4 Nc6 5. Nc3 Qc7 6. Be3 a6 7. Bd3 Nf6 8. O-O Ne5 9. h3 Bc5 10. f4 Ng6 11. Qf3 d6 12. Nb3 Bxe3+ 13. Qxe3 O-O 14. a4 b6 15. Nd2 Rb8 16. Qe2 Qc5+ 17. Kh2 Ra8 18. g3 Bb7 19. Ra3 Rfe8 20. Rb3 Nd7 21. Nd1 Qd4 22. Ra3 Nc5 23. Nb3 Qf6 24. Nxc5 bxc5 25. Rb3 Qe7 26. a5 Qc7 27. Rb6 Ne7 28. Bxa6 Bxa6 29. Rxa6 Nc6 30. c3 Rxa6 31. Qxa6 Rb8 32. Rf2 Nxa5 33. Rd2 Nc6 34. Ne3 Rd8 35. Qc4 Na5 36. Qa6 Nc6 37. Qd3 Qb8 38. h4 h6 39. h5 Ne7 40. f5 Nc6 41. Ng4 d5 42. fxe6 fxe6 43. exd5 Ne5 44. Qe4 Nxg4+ 45. Qxg4 exd5 46. b4 cxb4 47. cxb4 Qb6 48. Qd4 Qxd4 49. Rxd4 Kf7 50. Kg2 Ke6 51. Kf3 Rb8 52. Ke3 Ke5 53. Rg4 Kf6 54. Kd3 Kf5 55. Rd4 Ke5 56. Rf4 Rb7 57. Rg4 Kf5 58. Rd4 1/2-1/2

[Event "Vaujany 2023 Principal"]
[Site "?"]
[Date "2023.07.15"]
[Round "3.17"]
[White "Cabanas Jimenez, Manuel"]
[Black "Feher, Botond"]
[Result "1-0"]
[WhiteElo "2104"]
[BlackElo "1931"]
[PlyCount "47"]
[SourceVersionDate "2023.07.13"]

{[%evp 0,47,18,14,50,65,43,27,62,-3,42,36,47,59,57,50,50,35,54,51,49,61,51,47,37,25,32,27,48,52,57,48,41,51,52,42,35,51,40,37,79,58,165,18,17,-15,0,22,3,-5]} 1. e4 c5 2. Nf3 Nc6 3. Be2 g6 4. c3 Bg7 5. d4 cxd4 6. cxd4 d6 7. d5 Ne5 8. Nc3 Nxf3+ 9. Bxf3 Nf6 10. O-O O-O 11. Be3 b6 12. Bd4 Ba6 13. Re1 Nd7 14. Bxg7 Kxg7 15. Qa4 Nc5 16. Qd4+ f6 17. Rad1 Qd7 18. h3 h5 19. Re3 Rfc8 20. g4 g5 21. Kg2 h4 22. Rd2 Rc7 23. Bd1 Rac8 24. Rf3 1-0

[Event "Vaujany 2023 Principal"]
[Site "Vaujany"]
[Date "2023.07.16"]
[Round "4.1"]
[White "Gusain, Himal"]
[Black "Horvath, Jozsef"]
[Result "1-0"]
[WhiteElo "2399"]
[BlackElo "2432"]
[Annotator "ASUS"]
[PlyCount "133"]
[EventDate "2023.07.13"]
[EventType "swiss"]
[EventRounds "9"]
[EventCountry "FRA"]
[SourceVersionDate "2023.07.13"]

{[%evp 0,133,20,8,54,56,56,66,85,99,99,90,88,54,69,10,26,64,66,64,64,65,65,65,66,64,75,75,66,52,98,98,122,128,100,108,87,86,80,89,72,68,104,74,72,63,81,87,86,87,141,89,98,60,75,85,77,78,72,75,57,65,71,77,132,172,178,168,177,177,154,154,197,212,205,209,201,173,222,232,201,188,206,162,168,123,123,98,117,113,113,79,101,99,91,91,93,91,82,129,153,147,152,127,178,200,198,199,220,198,198,206,242,206,201,214,301,300,302,311,302,302,302,302,302,302,302,302,311,302,389,406,448,452,462,407]} 1. e4 d6 2. d4 Nf6 3. Nc3 e5 4. dxe5 dxe5 5. Qxd8+ Kxd8 6. Bc4 Ke8 7. f4 Bb4 8. Bd3 Nbd7 9. Nf3 Nc5 10. O-O exf4 11. Bxf4 c6 12. a3 Bxc3 13. bxc3 Be6 14. Nd4 Nxd3 15. cxd3 Kd7 16. Be5 Ne8 17. Rab1 b6 18. a4 c5 19. Nb5 f6 20. Bg3 Ke7 21. Rfe1 h5 22. h4 Kf7 23. d4 Bd7 24. a5 cxd4 25. cxd4 bxa5 26. Na3 Kg6 27. Rb7 Bg4 28. d5 Rf8 29. Rb5 a4 30. Ra5 Bd7 31. Kh2 Rf7 32. e5 fxe5 33. Nc4 Kh7 34. Nxe5 Re7 35. d6 Rxe5 36. Bxe5 a6 37. Rb1 Kg6 38. Rb7 Bc6 39. Rb6 Bd7 40. Rb7 Bc6 41. Re7 Nf6 42. Bxf6 Kxf6 43. Rxh5 Rd8 44. Re3 Rxd6 45. Rc5 Bd7 46. Rf3+ Kg6 47. Rg5+ Kh6 48. Rf8 g6 49. Rd8 Rd4 50. Kg3 Rd3+ 51. Kf2 Rd2+ 52. Ke3 Rd6 53. Re5 Rd1 54. Ra5 Rd6 55. Re5 Rd1 56. g3 Re1+ 57. Kd4 Rd1+ 58. Kc3 Bg4 59. Rxd1 Bxd1 60. Re6 a5 61. Re5 Bb3 62. Rxa5 Kg7 63. Kd4 Kf6 64. Ke4 g5 65. Rxg5 a3 66. Ra5 a2 67. Kf4 1-0

[Event "Vaujany 2023 Principal"]
[Site "Vaujany"]
[Date "2023.07.16"]
[Round "4.2"]
[White "Hamdouchi, Hicham"]
[Black "Buzas, Bertalan"]
[Result "1-0"]
[WhiteElo "2521"]
[BlackElo "2260"]
[Annotator "famil"]
[PlyCount "87"]
[EventDate "2023.07.13"]
[EventType "swiss"]
[EventRounds "9"]
[EventCountry "FRA"]
[SourceVersionDate "2023.07.13"]

{[%evp 0,87,23,13,64,59,43,15,51,48,39,54,37,40,17,12,6,2,8,-21,-21,-32,-12,-35,-6,-6,-12,-12,-12,-13,19,21,34,49,39,15,30,13,17,-5,47,40,52,67,66,54,60,69,69,64,66,64,64,61,54,53,63,23,48,39,56,68,68,69,69,69,69,68,59,66,57,75,83,47,202,202,286,298,308,337,356,282,303,296,305,305,549,549,541,549]} 1. e4 c5 2. Nf3 Nc6 3. Bc4 g6 4. O-O Bg7 5. c3 e6 6. Bb3 d5 7. d3 Nge7 8. Re1 h6 9. h4 b6 10. a4 Ba6 11. Na3 Na5 12. Bc2 dxe4 13. dxe4 Qxd1 14. Rxd1 O-O 15. Nb5 Bb7 16. Bf4 Nec6 17. Rd7 Bc8 18. Rc7 e5 19. Bd2 a6 20. Na3 Ra7 21. Rxa7 Nxa7 22. b4 cxb4 23. cxb4 N5c6 24. b5 axb5 25. axb5 Nd4 26. Nxd4 exd4 27. Bd3 Be6 28. Rb1 Rc8 29. Rb4 Bf8 30. Ra4 Rc7 31. Nc4 Nxb5 32. Nxb6 Rb7 33. Nd5 Bg7 34. h5 Nc3 35. Ra8+ Kh7 36. Nf4 Nb1 37. Ba5 Bd7 38. Bc4 g5 39. Bxf7 Bf6 40. Nd3 Nc3 41. Bg6+ Kg7 42. Bb4 Ne2+ 43. Kf1 Rxb4 44. Ra7 1-0

[Event "Vaujany 2023 Principal"]
[Site "Vaujany"]
[Date "2023.07.16"]
[Round "4.3"]
[White "Vidal, Llewellyn"]
[Black "Degraeve, Remy"]
[Result "0-1"]
[WhiteElo "2224"]
[BlackElo "2467"]
[Annotator "famil"]
[PlyCount "56"]
[EventDate "2023.07.13"]
[EventType "swiss"]
[EventRounds "9"]
[EventCountry "FRA"]
[SourceVersionDate "2023.07.13"]

{[%evp 0,56,21,-12,-18,0,-4,6,10,-18,8,0,23,38,37,28,28,18,24,26,20,13,44,44,55,31,46,47,54,37,37,33,-4,38,20,46,48,40,34,36,42,37,52,29,14,11,40,14,25,0,42,18,-15,10,23,-410,-472,-581,-513]} 1. c4 e6 2. d4 d5 3. Nf3 Nf6 4. g3 c5 5. cxd5 exd5 6. Bg2 Nc6 7. O-O Be7 8. Nc3 O-O 9. dxc5 Bxc5 10. a3 a5 11. Bg5 d4 12. Bxf6 Qxf6 13. Ne4 Qe7 14. Nxc5 Qxc5 15. b4 Qb6 16. b5 Qxb5 17. Nxd4 Nxd4 18. Qxd4 Qxe2 19. Rfe1 Qh5 20. Re5 Qg6 21. h4 Qf6 22. Rb1 Ra6 23. Bxb7 Rd6 24. Qe3 Bxb7 25. Rxb7 Rd1+ 26. Kg2 Qa6 27. Reb5 Qc6+ 28. Qf3 Rg1+ 0-1

[Event "Vaujany 2023 Principal"]
[Site "Vaujany"]
[Date "2023.07.16"]
[Round "4.4"]
[White "Degraeve, Jean Marc"]
[Black "Vallee, Louis"]
[Result "1-0"]
[WhiteElo "2466"]
[BlackElo "2161"]
[Annotator "famil"]
[PlyCount "67"]
[EventDate "2023.07.13"]
[EventType "swiss"]
[EventRounds "9"]
[EventCountry "FRA"]
[SourceVersionDate "2023.07.13"]

{[%evp 0,67,42,30,52,-2,26,16,-2,8,78,83,89,37,48,29,54,57,40,49,46,5,12,2,29,-19,0,0,46,0,-1,-10,14,0,0,-22,-15,48,50,66,54,48,48,45,54,58,58,103,100,78,66,80,96,79,89,82,96,115,105,106,112,119,113,115,169,102,29985,29984,29997,29998]} 1. e4 c5 2. c3 Nf6 3. e5 Nd5 4. Nf3 g6 5. d4 cxd4 6. Qxd4 Nc7 7. Qh4 h6 8. Na3 Bg7 9. Qg3 Nc6 10. Nc4 Ne6 11. a4 Qc7 12. Be2 b6 13. O-O O-O 14. Re1 Ba6 15. Qh4 g5 16. Qe4 Nc5 17. Qc2 g4 18. Nd4 Nxe5 19. Nxe5 Qxe5 20. Bxh6 Bxh6 21. Bxa6 Qh5 22. Be2 f5 23. b4 Ne4 24. Bc4+ e6 25. Nxf5 Qxf5 26. Qxe4 Qxf2+ 27. Kh1 Qh4 28. Rad1 Bf4 29. g3 Bxg3 30. Re2 Kh8 31. Rg2 Bf4 32. Rxd7 g3 33. Bd3 Kg8 34. Qg6+ 1-0

[Event "Vaujany 2023 Principal"]
[Site "Vaujany"]
[Date "2023.07.16"]
[Round "4.5"]
[White "Midy, Robin"]
[Black "Neelotpal, Das"]
[Result "0-1"]
[WhiteElo "2211"]
[BlackElo "2362"]
[Annotator "famil"]
[PlyCount "95"]
[EventDate "2023.07.13"]
[EventType "swiss"]
[EventRounds "9"]
[EventCountry "FRA"]
[SourceVersionDate "2023.07.13"]

{[%evp 0,95,20,20,20,20,20,33,27,28,34,16,8,24,32,31,10,-1,0,18,16,18,30,16,18,16,22,-1,-5,-14,0,-1,0,-14,-3,-16,22,-20,4,1,145,127,127,-11,-10,-9,-12,6,8,-8,-10,-17,12,-33,-46,-28,-17,-69,-21,-41,-21,-82,-41,-41,44,-220,-215,-204,-199,-201,-208,-191,-173,-226,-198,-220,-214,-249,-258,-406,-403,-400,-430,-433,-433,-450,-470,-467,-473,-481,-486,-559,-598,-1131,-1482,-1634,-1584,-29993]} 1. d4 Nf6 2. Nf3 d5 3. Bf4 e6 4. e3 Bd6 5. Nbd2 O-O 6. Bd3 c5 7. dxc5 Bxf4 8. exf4 Qc7 9. g3 Qxc5 10. O-O b6 11. Nb3 Qc7 12. Qe2 Nbd7 13. c4 Bb7 14. Rac1 Qd6 15. Rfd1 Rac8 16. Ne5 Nc5 17. Bc2 Na4 18. Bb1 Qb4 19. Rd4 dxc4 20. Rcxc4 Rxc4 21. Nxc4 Qb5 22. Bd3 Qc6 23. f3 Nc5 24. Ne5 Qc8 25. Bc2 Bd5 26. g4 g6 27. g5 Nh5 28. Ng4 f6 29. Nh6+ Kg7 30. Qd2 Nxb3 31. Bxb3 Qc5 32. Qc3 Nxf4 33. Qxc5 Nh3+ 34. Kg2 bxc5 35. Ra4 fxg5 36. Bxd5 exd5 37. Ng4 Nf4+ 38. Kg3 Rf7 39. Ne5 Re7 40. Ng4 h5 41. Nf2 h4+ 42. Kg4 Re2 43. Kxg5 Ne6+ 44. Kxh4 Rxf2 45. Rxa7+ Kf6 46. Rb7 Rg2 47. Rb6 Kf5 48. h3 0-1

[Event "Vaujany 2023 Principal"]
[Site "Vaujany"]
[Date "2023.07.16"]
[Round "4.7"]
[White "Milanovic, Dino"]
[Black "Estremera Panos, Sergio"]
[Result "0-1"]
[WhiteElo "2075"]
[BlackElo "2275"]
[PlyCount "72"]
[EventDate "2023.07.13"]
[EventType "swiss"]
[EventRounds "9"]
[EventCountry "FRA"]
[SourceVersionDate "2023.07.13"]

{[%evp 0,72,20,27,24,17,36,5,8,-10,-4,-4,7,-9,28,15,15,-4,0,-22,-27,-21,-21,-114,-117,-250,-19,54,55,59,14,-14,-15,-23,-13,-30,-22,-22,-19,-22,-37,-29,-45,-53,-78,-118,-140,-126,-70,-110,-63,-122,-154,-161,-113,-112,-117,-177,-177,-310,-307,-282,-336,-359,-374,-381,-381,-358,-374,-374,-374,-938,-954,-1000,-1020]} 1. e4 e5 2. Nf3 Nc6 3. Bb5 a6 4. Ba4 Nf6 5. O-O Bc5 6. c3 O-O 7. d4 Ba7 8. Bg5 h6 9. Bh4 exd4 10. e5 g5 11. Bxc6 dxc6 12. Nxg5 dxc3 13. Qxd8 Rxd8 14. Nxc3 Nd5 15. Nge4 Nxc3 16. bxc3 Rd3 17. Rfd1 Rxd1+ 18. Rxd1 Be6 19. a3 f5 20. Nf6+ Kf7 21. a4 a5 22. Bg3 b5 23. Bf4 b4 24. Bxh6 Rb8 25. Bc1 bxc3 26. Nh7 Bc4 27. Ng5+ Kg6 28. h4 Rb1 29. Nh3 c2 30. Re1 Bc5 31. Nf4+ Kh7 32. e6 Bb4 33. e7 Bf7 34. Rf1 Bxe7 35. Nh3 Bc4 36. Re1 Bb4 0-1

[Event "Vaujany 2023 Principal"]
[Site "Vaujany"]
[Date "2023.07.16"]
[Round "4.8"]
[White "Hingouet, Matthieu"]
[Black "Calzetta Ruiz, Mónica"]
[Result "0-1"]
[WhiteElo "2226"]
[BlackElo "2164"]
[Annotator "MCR"]
[PlyCount "74"]
[EventDate "2023.07.13"]
[EventType "swiss"]
[EventRounds "9"]
[EventCountry "FRA"]
[SourceVersionDate "2023.07.13"]

{[%evp 0,74,20,20,20,-17,25,43,69,60,60,53,103,99,104,89,85,95,72,37,23,33,47,17,32,31,58,44,28,-82,-8,-4,-51,-61,2,2,2,-87,-106,-139,-50,-197,-124,-209,-204,-218,-218,-218,-218,-206,-206,-210,-221,-223,-147,-239,-345,-414,-732,-664,-783,-803,-828,-814,-831,-861,-852,-870,-870,-943,-864,-864,-1126,-1575,-29127,-29977,-29978]} 1. d4 Nf6 2. c4 c5 3. d5 b5 4. cxb5 a6 5. e3 g6 6. Nc3 Bg7 7. Nf3 O-O 8. a4 Bb7 9. Ra3 e6 10. dxe6 fxe6 11. Be2 d5 12. O-O axb5 13. axb5 Nbd7 14. e4 d4 15. e5 Nh5 16. Na4 (16. Ng5 Qe7 17. Rxa8 Bxa8 18. Bg4) 16... Nf4 17. Bxf4 Rxf4 18. Bc4 (18. Qc1 Qf8 19. Ng5 Bd5 20. Bc4) 18... Qe7 19. Re1 Raf8 20. Bf1 Kh8 21. b4 cxb4 22. Rd3 Bxf3 23. Rxf3 Rxf3 24. gxf3 Nxe5 25. Bg2 d3 26. Re4 Qc7 27. f4 Qc2 28. Qf1 d2 29. Nb2 Qxb2 30. fxe5 Rxf2 31. Qxf2 d1=Q+ 32. Re1 Qxf2+ 33. Kxf2 Qd4+ 34. Kf1 Bxe5 35. b6 Bxh2 36. Rxe6 Qg1+ 37. Ke2 Qxg2+ 0-1

[Event "Vaujany 2023 Principal"]
[Site "Vaujany"]
[Date "2023.07.16"]
[Round "4.12"]
[White "Frelau, Matthias"]
[Black "Olivier, Jean-Cchristophe"]
[Result "0-1"]
[WhiteElo "1979"]
[BlackElo "2304"]
[PlyCount "88"]
[EventDate "2023.07.13"]
[EventType "swiss"]
[EventRounds "9"]
[EventCountry "FRA"]
[SourceVersionDate "2023.07.13"]

{[%evp 0,88,20,20,20,28,51,47,43,39,47,54,35,10,10,-5,18,-6,1,-3,0,8,23,-21,-37,-30,-32,-51,-49,-50,-52,-54,-50,-70,-52,-101,-81,-148,-99,-93,-69,-136,-97,-102,-70,-88,-80,-83,-65,-115,-99,-144,-151,-135,-130,-126,-112,-144,-119,-124,-160,-236,-240,-247,-249,-252,-225,-250,-231,-327,-205,-200,-207,-208,-160,-160,-187,-129,-198,-187,-210,-291,-273,-263,-268,-268,-290,-295,-293,-351,-338]} 1. d4 Nf6 2. Bf4 b6 3. e3 Bb7 4. Nd2 g6 5. Ngf3 Bg7 6. Be2 O-O 7. h3 c5 8. a4 Nc6 9. c3 d5 10. O-O Nd7 11. Bd3 e5 12. Nxe5 Ndxe5 13. Bxe5 Nxe5 14. dxe5 Bxe5 15. Qe2 a6 16. Rad1 Bc7 17. e4 Re8 18. Rfe1 Qd6 19. Nf1 Qf4 20. f3 c4 21. Bc2 b5 22. Qd2 dxe4 23. Qxf4 Bxf4 24. fxe4 Rad8 25. g3 Bd6 26. axb5 Bc5+ 27. Kh2 axb5 28. Nd2 f5 29. e5 Re7 30. Ne4 Rxd1 31. Nf6+ Kg7 32. Bxd1 Bd6 33. Nd7 Bc6 34. e6 Be4 35. Nb6 Rxe6 36. Bf3 Bxg3+ 37. Kxg3 Rxb6 38. Bxe4 Re6 39. Kf4 Kf6 40. Re2 g5+ 41. Kf3 Rxe4 42. Rd2 h5 43. Rd5 g4+ 44. Kf2 Re5 0-1

[Event "Vaujany 2023 Principal"]
[Site "?"]
[Date "2023.07.16"]
[Round "4.13"]
[White "Fodor, Balazs"]
[Black "Astolfi, Frederic"]
[Result "*"]
[WhiteElo "2273"]
[BlackElo "2042"]
[PlyCount "80"]
[SourceVersionDate "2023.07.13"]

1. d4 d5 2. c4 c6 3. Nf3 Nf6 4. Nc3 dxc4 5. a4 Bf5 6. Ne5 e6 7. f3 c5 8. e4 cxd4 9. exf5 Nc6 10. Nxc6 bxc6 11. fxe6 d3 12. Be3 Bb4 13. Kf2 O-O 14. Kg1 Re8 15. Bf2 Rxe6 16. h4 Qd6 17. Qd2 Nd5 18. h5 Qe5 19. Rc1 f5 20. Re1 Qd6 21. Rxe6 Qxe6 22. h6 Qe5 23. hxg7 Nxc3 24. Qh6 Qxg7 25. Qxg7+ Kxg7 26. Bd4+ Kg6 27. bxc3 Re8 28. Kf2 c5 29. Be3 Bxc3 30. Rh6+ Kg7 31. Rc6 f4 32. Bxc5 Be1+ 33. Kg1 d2 34. Rd6 Rc8 35. Bd4+ Kg8 36. Be5 c3 37. Bxc3 Rxc3 38. Be2 Rc1 39. Kh2 Bg3+ 40. Kh3 h5 *

[Event "Vaujany 2023 Principal"]
[Site "?"]
[Date "2023.07.16"]
[Round "4.27"]
[White "Feher, Botond"]
[Black "Bihi, Mahdi"]
[Result "1-0"]
[WhiteElo "1931"]
[BlackElo "1823"]
[PlyCount "167"]
[SourceVersionDate "2023.07.13"]

{[%evp 0,99,14,-6,3,-51,9,9,23,38,32,37,37,19,21,-26,-22,-33,-4,10,30,25,52,49,36,7,44,19,34,19,35,42,47,52,68,65,82,83,138,158,148,113,145,151,151,199,289,84,99,84,92,94,197,211,213,192,230,226,220,226,231,184,168,186,169,94,90,103,129,114,152,144,137,128,125,134,153,75,68,62,75,63,56,54,51,0,29,21,29,0,58,5,2,0,0,0,0,0,0,0,0,0]} 1. c4 e5 2. g3 c6 3. d4 exd4 4. Qxd4 d5 5. Bg2 Nf6 6. Nc3 dxc4 7. Qxc4 Be6 8. Qa4 Qb6 9. Nf3 Be7 10. O-O h6 11. Rb1 O-O 12. b4 a6 13. h3 Nbd7 14. Be3 Qc7 15. Nd4 Qe5 16. Rfd1 Nb6 17. Qa5 Qxa5 18. bxa5 Nbd5 19. Nxd5 Nxd5 20. Nxe6 Nxe3 21. Rd7 fxe6 22. Rxe7 Nxg2 23. Kxg2 Rab8 24. Rbxb7 Rxb7 25. Rxb7 Rc8 26. Rb6 c5 27. Kf1 c4 28. Ke1 c3 29. Kd1 Rd8+ 30. Kc1 Rd2 31. Rxe6 Rxa2 32. Re5 Kf7 33. f4 Kf6 34. g4 Ra4 35. e3 Ra2 36. h4 Kf7 37. g5 h5 38. Kb1 Rb2+ 39. Kc1 Rh2 40. Rc5 Rxh4 41. Kc2 Rh1 42. Rxc3 Ra1 43. Rc7+ Kg6 44. Rc6+ Kh7 45. Rc5 Kg6 46. Kd3 h4 47. Ke4 h3 48. Rc2 Kh5 49. Kf3 Kh4 50. Rc8 Rf1+ 51. Ke2 Rg1 52. Rh8+ Kg3 53. f5 Rg2+ 54. Kd3 Rf2 55. f6 g6 56. e4 Rf3+ 57. Kd4 Kg4 58. e5 Kxg5 59. Kd5 Kg4 60. Ke6 Kg3 61. Ke7 Rf5 62. e6 Rh5 63. Rxh5 gxh5 64. f7 h2 65. f8=Q h1=Q 66. Qb8+ Kg4 67. Qb4+ Kf5 68. Qc5+ Kg6 69. Qc2+ Kg5 70. Qd2+ Kh4 71. Qf4+ Kh3 72. Kf6 Qc6 73. Qf5+ Kg2 74. Qxh5 Kg3 75. Qe5+ Kg2 76. Kf7 Qc4 77. Qf6 Kh3 78. Qf5+ Kh2 79. Kf6 Qc6 80. Qe5+ Kh3 81. Qe3+ Kh2 82. Qb6 Qf3+ 83. Ke7 Qd3 84. Qd6+ 1-0

[Event "Vaujany 2023 Principal"]
[Site "Vaujany"]
[Date "2023.07.17"]
[Round "5.1"]
[White "Degraeve, Remy"]
[Black "Gusain, Himal"]
[Result "1/2-1/2"]
[WhiteElo "2467"]
[BlackElo "2399"]
[Annotator "famil"]
[PlyCount "202"]
[EventDate "2023.07.13"]
[EventType "swiss"]
[EventRounds "9"]
[EventCountry "FRA"]
[SourceVersionDate "2023.07.13"]

{[%evp 0,127,25,16,10,25,16,13,25,0,35,11,16,0,45,30,31,8,27,12,12,17,20,27,32,54,62,47,54,29,48,41,61,50,36,34,41,16,32,-15,-7,-4,-29,-22,-25,-35,-57,-53,-40,-36,-76,-106,-104,-131,-93,-127,-81,-89,-87,-81,-94,-71,-82,-76,-32,-54,-71,-100,-89,-136,-88,-75,-102,-94,-72,-73,-73,-55,-60,-34,0,0,0,8,10,14,14,0,0,-20,0,0,0,0,41,41,0,0,0,0,0,0,0,0,0,124,616,660,826,832,872,894,896,960,982,992,992,1002,1002,1002,1002,1002,1002,1002,1012,338,338,191,373,190]} 1. e4 e5 2. Nf3 Nc6 3. Bb5 a6 4. Ba4 d6 5. O-O Bd7 6. c3 g6 7. d4 Bg7 8. Bc2 Nf6 9. Re1 O-O 10. h3 h6 11. Be3 exd4 12. cxd4 Nb4 13. Nc3 Nxc2 14. Qxc2 c6 15. e5 Ne8 16. Rad1 d5 17. Qd2 Kh7 18. Nh2 f5 19. exf6 Qxf6 20. Ng4 Bxg4 21. hxg4 Nd6 22. b3 Rae8 23. f3 h5 24. gxh5 gxh5 25. Ne2 Nf5 26. Bf2 h4 27. Qd3 Kh8 28. Nf4 Bh6 29. Nh3 Rg8 30. f4 Qg6 31. Qf3 Bg7 32. Ng5 Bf6 33. Ne6 Re7 34. Ng5 Rge8 35. Re5 Bxg5 36. fxg5 Rxe5 37. dxe5 Qxg5 38. Rf1 d4 39. Re1 Ne3 40. Bxe3 dxe3 41. Qxe3 Qxe3+ 42. Rxe3 Kg7 43. Kh2 Kf7 44. Kh3 Rd8 45. Kxh4 Rd2 46. g4 Rh2+ 47. Kg3 Rxa2 48. g5 Rd2 49. Kf4 a5 50. Rf3 Ke6 51. g6 Rg2 52. Rg3 Rxg3 53. Kxg3 b5 54. Kf4 a4 55. bxa4 bxa4 56. Kg5 a3 57. g7 Kf7 58. Kh6 a2 59. e6+ Ke7 60. g8=Q a1=Q 61. Qf7+ Kd6 62. Qd7+ Kc5 63. Qd8 Qe1 64. Qf8+ Kd5 65. e7 Qh4+ 66. Kg7 Qg5+ 67. Kh7 Qh5+ 68. Kg8 Qg6+ 69. Kh8 Qh5+ 70. Kg7 Qg5+ 71. Kf7 Qf5+ 72. Kg7 Qg5+ 73. Kh7 Qh5+ 74. Qh6 Qf7+ 75. Qg7 Ke6 {[%cal Ge7e6]} 76. e8=R+ Qxe8 77. Qg4+ Kd5 78. Qd1+ Kc5 79. Qc2+ Kb6 80. Qb3+ Kc7 81. Qg3+ Kc8 82. Qc3 Qe4+ 83. Kg7 Kd7 84. Kf6 Qf4+ 85. Kg6 Qd6+ 86. Kf5 c5 87. Qc4 Kc7 88. Ke4 Qg6+ 89. Ke3 Qg3+ 90. Kd2 Qf2+ 91. Kc3 Qe3+ 92. Kc2 Kb6 93. Qb3+ Qxb3+ 94. Kxb3 Kb5 95. Kc3 c4 96. Kc2 Kb4 97. Kb2 c3+ 98. Kc2 Kc4 99. Kc1 Kd3 100. Kd1 c2+ 101. Kc1 Kc3 1/2-1/2

[Event "Vaujany 2023 Principal"]
[Site "Vaujany"]
[Date "2023.07.17"]
[Round "5.2"]
[White "Neelotpal, Das"]
[Black "Hamdouchi, Hicham"]
[Result "0-1"]
[WhiteElo "2362"]
[BlackElo "2521"]
[Annotator "famil"]
[PlyCount "122"]
[EventDate "2023.07.13"]
[EventType "swiss"]
[EventRounds "9"]
[EventCountry "FRA"]
[SourceVersionDate "2023.07.13"]

{[%evp 0,122,25,26,18,-17,37,33,62,64,58,23,23,3,13,19,22,-16,13,8,-1,3,35,29,32,-23,2,27,52,5,5,5,7,14,74,48,17,18,57,21,62,5,51,15,-16,2,27,32,19,35,35,-4,-30,-39,-42,-35,-35,-30,-20,-20,-5,-26,-26,-25,-46,-41,-44,-50,-60,-121,-117,-109,-108,-124,-153,-153,-159,-165,-164,-164,-165,-164,-158,-177,-164,-149,-155,-160,-158,-165,-165,-204,-216,-204,-222,-215,-215,-215,-215,-215,-196,-196,-192,-199,-204,-194,-194,-203,-203,-203,-203,-203,-206,-243,-286,-352,-386,-962,-1012,-1187,-1271,-1361,-1369,-29949,-29920]} 1. d4 Nf6 2. c4 g6 3. Nc3 d5 4. cxd5 Nxd5 5. g3 Bg7 6. Bg2 Nxc3 7. bxc3 c5 8. e3 Qa5 9. Bd2 O-O 10. Ne2 e5 11. O-O Nd7 12. Qc2 Qc7 13. Rac1 Rb8 14. c4 cxd4 15. exd4 exd4 16. Bf4 Ne5 17. Nxd4 Qc5 18. Nb3 Qa3 19. Qc3 Nc6 20. Qe3 Ra8 21. Bh6 Bxh6 22. Qxh6 Qxa2 23. Nc5 Qa5 24. Ne4 Qe5 25. Rb1 a5 26. Rb5 Qg7 27. Qxg7+ Kxg7 28. Nd6 Ra7 29. Ra1 a4 30. Ra3 Nd4 31. Rb4 Bd7 32. Rxb7 Rxb7 33. Bxb7 Rb8 34. c5 Nb5 35. Nxb5 Rxb7 36. Nd4 Rb4 37. Ne2 Rc4 38. Nc3 Rxc5 39. f3 Rc4 40. Kf2 Rb4 41. h4 Rb3 42. Rxb3 axb3 43. Nd1 Kf6 44. Ke3 Bc6 45. f4 Kf5 46. Nb2 f6 47. Nd1 h6 48. Nb2 Bb5 49. Nd1 g5 50. hxg5 fxg5 51. fxg5 hxg5 52. Nb2 Ke5 53. Nd1 Ba6 54. Nb2 Kd5 55. Nd1 Kc4 56. Kd2 Kd4 57. Nf2 Be2 58. g4 Bf3 59. Nh3 Be4 60. Nxg5 b2 61. Nf3+ Kd5 0-1

[Event "Vaujany 2023 Principal"]
[Site "Vaujany"]
[Date "2023.07.17"]
[Round "5.3"]
[White "Horvath, Jozsef"]
[Black "Degraeve, Jean Marc"]
[Result "1/2-1/2"]
[WhiteElo "2432"]
[BlackElo "2466"]
[PlyCount "60"]
[EventDate "2023.07.13"]
[EventType "swiss"]
[EventRounds "9"]
[EventCountry "FRA"]
[SourceVersionDate "2023.07.13"]

1. Nf3 Nf6 2. g3 g6 3. b3 Bg7 4. Bb2 O-O 5. Bg2 d6 6. d4 c5 7. c4 Qa5+ 8. Qd2 Qxd2+ 9. Nbxd2 a6 10. dxc5 dxc5 11. Ne5 Ra7 12. O-O-O b6 13. Ne4 Bb7 14. Nxf6+ Bxf6 15. Bxb7 Rxb7 16. Rd2 Bxe5 17. Bxe5 Nc6 18. Bc3 Rd8 19. Rxd8+ Nxd8 20. h4 Rd7 21. h5 f6 22. hxg6 hxg6 23. e3 Nc6 24. a3 Nd8 25. Kc2 Nf7 26. a4 a5 27. Rd1 Rxd1 28. Kxd1 Nd6 29. Ke2 Kf7 30. Kd3 f5 1/2-1/2

[Event "Vaujany 2023 Principal"]
[Site "Vaujany"]
[Date "2023.07.17"]
[Round "5.5"]
[White "Lacan Rus, David"]
[Black "Trabet, Mathis"]
[Result "1/2-1/2"]
[WhiteElo "2068"]
[BlackElo "2187"]
[PlyCount "61"]
[EventDate "2023.07.13"]
[EventType "swiss"]
[EventRounds "9"]
[EventCountry "FRA"]
[SourceVersionDate "2023.07.13"]

1. e4 c5 2. Nc3 e6 3. Nf3 Nc6 4. g3 d5 5. exd5 exd5 6. d4 Bg4 7. h3 Bxf3 8. Qxf3 Nxd4 9. Qd3 Nf6 10. Bg2 h6 11. Be3 Rc8 12. O-O-O Be7 13. Bxd4 cxd4 14. Qxd4 O-O 15. Nxd5 Nxd5 16. Qxd5 Qb6 17. Qb3 Qxf2 18. Bd5 Bf6 19. Rhf1 Qc5 20. h4 Rce8 21. Rf3 Re2 22. Qd3 Rf2 23. Qf5 Qe3+ 24. Rxe3 Rxf5 25. Bxb7 g5 26. Rf3 Rxf3 27. Bxf3 gxh4 28. gxh4 Bxh4 29. Rd7 Bg5+ 30. Kb1 Re8 31. a3 1/2-1/2